Development of Control Algorithms for Rotational Inverted Pendulum diploma thesis

Gespeichert in:
Bibliographische Detailangaben
1. Verfasser: Furka, Matúš
Format: Buch
Sprache:Slowakisch
Veröffentlicht: Bratislava STU FCHPT 2019
Online-Zugang:Im OPAC anzeigen
Tags: Tag hinzufügen
Keine Tags, Fügen Sie das erste Tag hinzu!

MARC

LEADER 00000nam a2200000 a 4500
005 20260127134237.0
008 190624 2019 xo a 000 0 slo d
035 |a vtls011872648 
039 9 |y 201906241217  |z mschk03 
040 |a STUSCHK1  |b slo  |c STUSCHK1  |e AACR2 
100 1 |a Furka, Matúš 
245 1 |a Development of Control Algorithms for Rotational Inverted Pendulum  |b diploma thesis  |c Matúš Furka 
260 |a Bratislava  |b STU FCHPT  |c 2019 
300 |a 56 p.  |i ll.  |c 25 cm 
500 |a Study programme: Process Control 
500 |a Study field: Automation 
500 |a Training workplace: Department of Information Engineering and Process Control 
500 |a Reg.No.: FCHPT-5414-61099 
910 |a SCHK95 
999 |c 7667  |d 7667